Statistics for Europe capitals on a map

Click here to take the quiz!

General Stats

  • This quiz has been taken 16 times
  • The average score is 30 of 44

Answers on the Map

Answers color-coded by a green-red scale on the quiz's map according to % correct below.
 

Answer Stats

Capital% Correct
Dublin
93%
London
93%
Paris
93%
Amsterdam
79%
Berlin
79%
Helsinki
79%
Lisbon
79%
Madrid
79%
Tallin
79%
Brussels
71%
Budapest
71%
Copenhagen
71%
Andorra la Vella
71%
Kyiv
71%
Minsk
71%
Moscow
71%
Oslo
71%
Prague
71%
Riga
71%
Rome
71%
Vienna
71%
Warsaw
71%
Athens
64%
Belgrade
64%
Bern
64%
Bratislava
64%
Ljubljana
64%
Sarajevo
64%
Sofia
64%
Stockholm
64%
Vaduz
64%
Vatican
64%
Vilnius
64%
Zagreb
64%
Bucharest
57%
Luxembourg
57%
San Marino
57%
Chisinau
50%
Monaco
50%
Podgorica
50%
Pristina
50%
Skopje
50%
Tirana
50%
Valletta
43%

Score Distribution

Percentile by Number Answered

Percent of People with Each Score

Your Score History

You have not taken this quiz